000 00408nam a2200169Ia 4500
005 20250603145511.0
008 250603s9999 xx 000 0 und d
020 _a9789788425663
050 _aAZ 821.N6 O23/
245 0 _aPerspective on cultural administration in nigeria
260 _aIbadan
260 _bKraft Books Limited
260 _c2011
300 _a131 p
650 _aIbadan
942 _cBK
999 _c42038
_d42038